00201nam a2200085Ia 450000100070000000500170000700800410002424500290006526000210009497410620250826220621.0250824s9999 xx 000 0 und d 0aYUVAcMARILYNNE ROBINSON bKYRHOS YAYINLARI